000 00532nam a2200193Ia 4500
005 20250508152315.0
008 008 250505s9999 xx 000 0 eng d
037 _aBooks to be hide in OPAC
040 _aFEDL
_beng
_cFEDL
041 _aeng
_2eng
084 _a551.58, SAM/O
_qFEDL
100 _aEpstein Beryl
_9761182
245 0 _aAll about the desert
260 _aNew York, USA
_bRandom House
_c1957
300 _a148p.
700 _a Sam
_9761183
942 _cHB
_h551.58, SAM/O
999 _c1335636
_d1335636